Statistiken für Führer der Sowjetunion 1917-1991

Klicken Sie hier um das Quiz zu spielen!

Allgemein

  • Dieses Quiz wurde 1,352 mal gespielt
  • Das Durchschnittsergebnis liegt bei 4 aus 7

Antwortstatistiken

Jahre Führer % Korrekt
1924-1953Josef Stalin
98%
1917-1924Wladimir Lenin
96%
1985-1991Michail Gorbatschow
78%
1964-1982Leonid Breschnew
40%
1953-1964Nikita Chruschtschow
32%
1982-1984Juri Andropow
20%
1984-1985Konstantin Tschernenko
12%

Verteilung der Resultate

Perzentil nach korrekt beantworteten Fragen

Anzahl Personen mit jedem Resultat

Ihre Resultats-Entwicklung

Sie haben dieses Quiz noch nicht gespielt